| 000 -LEADER |
| fixed length control field |
02564cam a22005537i 4500 |
| 001 - CONTROL NUMBER |
| control field |
18931220 |
| 003 - CONTROL NUMBER IDENTIFIER |
| control field |
Nust |
| 005 - DATE AND TIME OF LATEST TRANSACTION |
| control field |
20170424115422.0 |
| 008 - FIXED-LENGTH DATA ELEMENTS--GENERAL INFORMATION |
| fixed length control field |
160109s2008 mdub b 001 0 eng |
| 010 ## - LIBRARY OF CONGRESS CONTROL NUMBER |
| LC control number |
2007045423 |
| 020 ## - INTERNATIONAL STANDARD BOOK NUMBER |
| International Standard Book Number |
9780739126011 (cloth ; alk. paper) |
| 020 ## - INTERNATIONAL STANDARD BOOK NUMBER |
| International Standard Book Number |
0739126016 (cloth ; alk. paper) |
| 020 ## - INTERNATIONAL STANDARD BOOK NUMBER |
| Canceled/invalid ISBN |
9780739130278 (eISBN) |
| 020 ## - INTERNATIONAL STANDARD BOOK NUMBER |
| Canceled/invalid ISBN |
0739130277 (eISBN) |
| 035 ## - SYSTEM CONTROL NUMBER |
| System control number |
(OCoLC)ocn180577534 |
| 040 ## - CATALOGING SOURCE |
| Original cataloging agency |
DLC |
| Language of cataloging |
eng |
| Transcribing agency |
DLC |
| Modifying agency |
BAKER |
| -- |
BTCTA |
| -- |
YDXCP |
| -- |
C#P |
| -- |
BWX |
| -- |
CDX |
| -- |
TTU |
| -- |
DKAGE |
| -- |
GEBAY |
| -- |
OCLCQ |
| -- |
BDX |
| -- |
OCLCF |
| -- |
OCLCO |
| -- |
OCLCQ |
| -- |
DLC |
| 042 ## - AUTHENTICATION CODE |
| Authentication code |
lccopycat |
| 043 ## - GEOGRAPHIC AREA CODE |
| Geographic area code |
a-ii--- |
| 050 00 - LIBRARY OF CONGRESS CALL NUMBER |
| Classification number |
HD1698.I4 |
| Item number |
R39 2008 |
| 082 04 - DEWEY DECIMAL CLASSIFICATION NUMBER |
| Classification number |
363.91 RAY |
| Edition number |
22 |
| 100 1# - MAIN ENTRY--PERSONAL NAME |
| Personal name |
Ray, Binayak. |
| 245 10 - TITLE STATEMENT |
| Title |
Water : |
| Remainder of title |
the looming crisis in India / |
| Statement of responsibility, etc. |
Binayak Ray. |
| 264 #1 - PRODUCTION, PUBLICATION, DISTRIBUTION, MANUFACTURE, AND COPYRIGHT NOTICE |
| Place of production, publication, distribution, manufacture |
Lanham : |
| Name of producer, publisher, distributor, manufacturer |
Lexington Books, |
| Date of production, publication, distribution, manufacture, or copyright notice |
[2008] |
| 300 ## - PHYSICAL DESCRIPTION |
| Extent |
xxvii, 231 pages : |
| Other physical details |
maps ; |
| Dimensions |
24 cm. |
| 336 ## - CONTENT TYPE |
| Content type term |
text |
| Content type code |
txt |
| Source |
rdacontent |
| 337 ## - MEDIA TYPE |
| Media type term |
unmediated |
| Media type code |
n |
| Source |
rdamedia |
| 338 ## - CARRIER TYPE |
| Carrier type term |
volume |
| Carrier type code |
nc |
| Source |
rdacarrier |
| 490 1# - SERIES STATEMENT |
| Series statement |
AsiaWorld |
| 500 ## - GENERAL NOTE |
| General note |
H.B |
| 504 ## - BIBLIOGRAPHY, ETC. NOTE |
| Bibliography, etc. note |
Includes bibliographical references (pages 189-224) and index. |
| 505 0# - FORMATTED CONTENTS NOTE |
| Formatted contents note |
The water environment -- Water policy : an anatomy -- International rivers : global conventions, regulations, and India -- Future demand for water and available options -- The river-linking project -- Environmental perspectives -- Economic and financial perspectives -- Political and governmental perspectives -- Regional perspectives : Bangladesh, Nepal, Pakistan, and China -- Reflections. |
| 650 #0 - SUBJECT ADDED ENTRY--TOPICAL TERM |
| Topical term or geographic name entry element |
Water-supply |
| General subdivision |
Government policy |
| Geographic subdivision |
India. |
| 650 #0 - SUBJECT ADDED ENTRY--TOPICAL TERM |
| Topical term or geographic name entry element |
Water resources development |
| Geographic subdivision |
India. |
| 650 #0 - SUBJECT ADDED ENTRY--TOPICAL TERM |
| Topical term or geographic name entry element |
Water resources development |
| General subdivision |
Government policy |
| Geographic subdivision |
India. |
| 650 #0 - SUBJECT ADDED ENTRY--TOPICAL TERM |
| Topical term or geographic name entry element |
Water-supply |
| Geographic subdivision |
India. |
| 650 #7 - SUBJECT ADDED ENTRY--TOPICAL TERM |
| Topical term or geographic name entry element |
Water resources development. |
| Source of heading or term |
fast |
| Authority record control number or standard number |
(OCoLC)fst01171955 |
| 650 #7 - SUBJECT ADDED ENTRY--TOPICAL TERM |
| Topical term or geographic name entry element |
Water resources development |
| General subdivision |
Government policy. |
| Source of heading or term |
fast |
| Authority record control number or standard number |
(OCoLC)fst01171988 |
| 650 #7 - SUBJECT ADDED ENTRY--TOPICAL TERM |
| Topical term or geographic name entry element |
Water-supply. |
| Source of heading or term |
fast |
| Authority record control number or standard number |
(OCoLC)fst01172350 |
| 650 #7 - SUBJECT ADDED ENTRY--TOPICAL TERM |
| Topical term or geographic name entry element |
Water-supply |
| General subdivision |
Government policy. |
| Source of heading or term |
fast |
| Authority record control number or standard number |
(OCoLC)fst01172381 |
| 650 07 - SUBJECT ADDED ENTRY--TOPICAL TERM |
| Topical term or geographic name entry element |
Wassernutzung. |
| Source of heading or term |
swd |
| 650 07 - SUBJECT ADDED ENTRY--TOPICAL TERM |
| Topical term or geographic name entry element |
Wasserreserve. |
| Source of heading or term |
swd |
| 651 #7 - SUBJECT ADDED ENTRY--GEOGRAPHIC NAME |
| Geographic name |
India. |
| Source of heading or term |
fast |
| Authority record control number or standard number |
(OCoLC)fst01210276 |
| 651 #7 - SUBJECT ADDED ENTRY--GEOGRAPHIC NAME |
| Geographic name |
Indien. |
| Source of heading or term |
swd |
| 651 #7 - SUBJECT ADDED ENTRY--GEOGRAPHIC NAME |
| Geographic name |
Südasien. |
| Source of heading or term |
swd |
| 651 #7 - SUBJECT ADDED ENTRY--GEOGRAPHIC NAME |
| Geographic name |
China. |
| Source of heading or term |
swd |
| 776 08 - ADDITIONAL PHYSICAL FORM ENTRY |
| Relationship information |
Online version: |
| Main entry heading |
Ray, Binayak. |
| Title |
Water. |
| Place, publisher, and date of publication |
Lanham : Lexington Books, ©2008 |
| Record control number |
(OCoLC)753429447 |
| 830 #0 - SERIES ADDED ENTRY--UNIFORM TITLE |
| Uniform title |
AsiaWorld. |
| 856 41 - ELECTRONIC LOCATION AND ACCESS |
| Materials specified |
Table of contents |
| Uniform Resource Identifier |
<a href="http://catdir.loc.gov/catdir/toc/ecip084/2007045423.html">http://catdir.loc.gov/catdir/toc/ecip084/2007045423.html</a> |
| 906 ## - LOCAL DATA ELEMENT F, LDF (RLIN) |
| a |
7 |
| b |
cbc |
| c |
copycat |
| d |
2 |
| e |
epcn |
| f |
20 |
| g |
y-gencatlg |
| 942 ## - ADDED ENTRY ELEMENTS (KOHA) |
| Source of classification or shelving scheme |
|
| Koha item type |
Book |
| Call number prefix |
363.91 RAY |